000 01034nam a22001937a 4500
003 OSt
005 20251020182707.0
008 251020b |||||||| |||| 00| 0 eng d
020 _a978 9978481790
100 _aAnónimo
245 _aEl Lazarillo de Tormes
260 _aQuito-Ecuador
_b Velásquez y Velásquez
_c2012
300 _a102
520 _aEl Lazarillo de Tormes es una obra maestra de la literatura española del siglo XVI, considerada precursora del género picaresco. La historia narra las vivencias y desventuras de Lázaro González Pérez, un joven de origen humilde que se ve obligado a servir a diversos amos para sobrevivir en la sociedad española del siglo XVI. A través de sus experiencias, Lázaro aprende sobre la hipocresía, la corrupción y las complejidades de la vida, ofreciendo una aguda crítica social y una reflexión sobre la moralidad y la condición humana
650 _2Argumento
650 _2La novela picaresca
650 _2Novela de aprendizaje o de formacion
942 _2ddc
_cBK
_n0
999 _c2014
_d2014